| 000 | 01240cam a22002294a 4500 | ||
|---|---|---|---|
| 005 | 20250605164040.0 | ||
| 008 | 250528s ||||||||||||||||||||||||d | ||
| 035 | _a16953 | ||
| 020 | _a534371353 | ||
| 040 |
_aGR-AtMCL _bgre _dGR-AtMCL _eAACR2 |
||
| 245 | 1 | _aPractical Management Science / Second Edition | |
| 250 | _a2nd | ||
| 260 |
_bDuxbury - Thomson Learning, _c2001 |
||
| 300 | _a958 | ||
| 520 | _aThis book teaches modelling skills through the use of real world examples drawn from finance, marketing, and operations management. Introduction to Modeling, Introductory Spreadsheet Modeling, Introduction to Optimization Modeling, Linear Programming Models, Network Models, Linear Optimization Models with Integer Variables, Nonlinear Optimization Models, Evolutionary Solver: An Alternative Optimization Procedure, Multi-Objective Decision Making, Decision Making Under Uncertainty, Introduction to Simulation Modeling, Simulation Models, Inventory Models, Queueing Models, Regression Analysis, Time Series Analysis and Forecasting, References, Index. | ||
| 700 | 1 |
_aAlbright S. Christian _93050 |
|
| 700 | 1 |
_aBroadie Mark _93051 |
|
| 700 | 1 |
_aWinston Wayne L _9800 |
|
| 942 | _cBK | ||
| 999 |
_c2396 _d2396 |
||